Statistics for The Last Country to Occupy Each Oceanian Country

Click here to take the quiz!

General Stats

  • This quiz has been taken 1,033 times
  • The average score is 14 of 14

Answers on the Map

Answers color-coded by a green-red scale on the quiz's map according to % correct below.
 

Answer Stats

CountryYearLast country to occupy% Correct
Nauru1968Australia/New Zealand/United Kingdom
100%
Australia1901United Kingdom
100%
Fiji1970United Kingdom
100%
Kiribati1979United Kingdom
100%
New Zealand1907United Kingdom
100%
Solomon Islands1978United Kingdom
100%
Tonga1970United Kingdom
100%
Tuvalu1978United Kingdom
100%
Vanuatu1980United Kingdom/France
100%
Federated States of Micronesia1979United States
97%
Marshall Islands1979United States
97%
Palau1978United States
97%
Papua New Guinea1975Australia
89%
Samoa1962New Zealand
80%

Score Distribution

Percentile by Number Answered

Percent of People with Each Score

Your Score History

You have not taken this quiz